Normal view
MARC view
Entry Personal Name
001 - CONTROL NUMBER
- control field: 158826
003 - CONTROL NUMBER IDENTIFIER
- control field: OSt
005 - DATE AND TIME OF LATEST TRANSACTION
- control field: 20220923211144.0
008 - FIXED-LENGTH DATA ELEMENTS
- fixed length control field: 220923|| aca||aabn | a|a d
040 ## - CATALOGING SOURCE
- Original cataloging agency: OSt
- Transcribing agency: OSt
100 ## - HEADING--PERSONAL NAME
- Personal name: शिलर, हरबर्ट आई.; आर. के. सिंह, अनु
670 ## - SOURCE DATA FOUND
- Source citation: Work cat.: (OSt)296035: शिलर, हरबर्ट आई.; आर. के. सिंह, अनु., संचार माध्यम और सांस्कृतिक वर्चस्व, 2002
